[Event "SVK-chT3A2 1314"]
[Site "Slovakia"]
[Date "2014.02.02"]
[Round "8.5"]
[White "Husek, Lubomir"]
[Black "Peska, Juraj"]
[Result "1/2-1/2"]
[WhiteElo "1829"]
[BlackElo "1926"]
[PlyCount "63"]
[EventDate "2013.10.13"]
[EventType "team-tourn"]
[EventRounds "11"]
[EventCountry "SVK"]
[SourceTitle "EXT 2015"]
[Source "ChessBase"]
[SourceDate "2014.11.20"]
[SourceVersion "1"]
[SourceVersionDate "2014.11.20"]
[SourceQuality "1"]
[WhiteTeam "Holic"]
[BlackTeam "Hlohovec"]
[WhiteTeamCountry "SVK"]
[BlackTeamCountry "SVK"]

1. e4 e5 2. Nf3 Nc6 3. Bc4 Be7 4. 0-0 Nf6 5. Re1 0-0 6. c3 d6 7. d4 a6 8. a3 Bg4 9. Qd3 h6 10. Nbd2 Nh7 11. b4 Ng5 12. Nxg5 Bxg5 13. Nf1 Kh8 14. Bxg5 Qxg5 15. Ng3 f5 16. exf5 Bxf5 17. Nxf5 Rxf5 18. Re3 Raf8 19. Rg3 Qf6 20. d5 Ne7 21. f3 Ng6 22. Bb3 Nf4 23. Qe4 Rg5 24. Bc2 g6 25. Re1 Kg7 26. Kf2 h5 27. Rxg5 Qxg5 28. g3 Nh3+ 29. Kg2 Nf4+ 30. Kh1 Nh3 31. Kg2 Nf4+ 32. Kh1 1/2-1/2

[Event "SVK-chT3A2 1314"]
[Site "Slovakia"]
[Date "2013.10.13"]
[Round "1.3"]
[White "Sarmir, Milos"]
[Black "Peska, Juraj"]
[Result "1/2-1/2"]
[WhiteElo "2075"]
[BlackElo "1926"]
[PlyCount "146"]
[EventDate "2013.10.13"]
[EventType "team-tourn"]
[EventRounds "11"]
[EventCountry "SVK"]
[SourceTitle "EXT 2015"]
[Source "ChessBase"]
[SourceDate "2014.11.20"]
[SourceVersion "1"]
[SourceVersionDate "2014.11.20"]
[SourceQuality "1"]
[WhiteTeam "Cifer"]
[BlackTeam "Hlohovec"]
[WhiteTeamCountry "SVK"]
[BlackTeamCountry "SVK"]

1. e4 e5 2. Nf3 d6 3. d4 exd4 4. Nxd4 Nf6 5. Nc3 Nc6 6. Nxc6 bxc6 7. Bc4 Be7 8. 0-0 0-0 9. Bf4 Be6 10. Qe2 Bxc4 11. Qxc4 c5 12. Rad1 Nd7 13. Nd5 Bf6 14. b3 Re8 15. Rfe1 Be5 16. Bd2 Nb6 17. Nxb6 axb6 18. a4 Qf6 19. Qd5 Bc3 20. Qc6 Rac8 21. Bxc3 Qxc3 22. Re2 h6 23. h3 Re7 24. Rd3 Qa1+ 25. Kh2 Rce8 26. Rde3 Qd4 27. g3 Qe5 28. Kg2 Qe6 29. f4 Qd7 30. Qxd7 Rxd7 31. Kf2 f6 32. e5 dxe5 33. fxe5 fxe5 34. Rxe5 Rxe5 35. Rxe5 Rd2+ 36. Re2 Rd7 37. Ke3 c6 38. Rd2 Re7+ 39. Kd3 Kf7 40. Rf2+ Kg8 41. Re2 Rd7+ 42. Kc3 Kf7 43. Rf2+ Ke6 44. g4 Ke5 45. a5 bxa5 46. Kc4 a4 47. bxa4 Rd4+ 48. Kxc5 Rxa4 49. Kxc6 Ra3 50. Rh2 Rc3+ 51. Kb5 Kf4 52. Kb4 Rc7 53. Rd2 g6 54. c4 h5 55. gxh5 gxh5 56. c5 h4 57. Rg2 Ke5 58. Kc4 Ra7 59. Rg5+ Ke6 60. Rh5 Ra3 61. Rh6+ Kd7 62. Rd6+ Kc7 63. Rd3 Ra1 64. Kd5 Rh1 65. Rf3 Rd1+ 66. Ke4 Kc6 67. Rc3 Rd5 68. Kf4 Rxc5 69. Rxc5+ Kxc5 70. Kg5 Kd6 71. Kxh4 Ke7 72. Kg5 Kf7 73. Kh6 Kg8 1/2-1/2

[Event "SVK-chT3A2 1213"]
[Site "Slovakia"]
[Date "2012.10.21"]
[Round "2.5"]
[White "Peska, Juraj"]
[Black "Lopatievov, Alexander"]
[Result "1-0"]
[WhiteElo "1928"]
[BlackElo "1937"]
[PlyCount "83"]
[EventDate "2012.10.07"]
[EventType "team-tourn"]
[EventRounds "11"]
[EventCountry "SVK"]
[SourceTitle "EXT 2015"]
[Source "ChessBase"]
[SourceDate "2014.11.20"]
[SourceVersion "1"]
[SourceVersionDate "2014.11.20"]
[SourceQuality "1"]
[WhiteTeam "Hlohovec SK Zentiva"]
[BlackTeam "Trnava Modranka"]
[WhiteTeamCountry "SVK"]
[BlackTeamCountry "SVK"]

1. c4 c6 2. Nc3 d5 3. e3 Nf6 4. Nf3 g6 5. d4 Bg7 6. Be2 0-0 7. 0-0 Nbd7 8. b3 Re8 9. Bb2 a6 10. Qc2 b5 11. a3 Bb7 12. c5 Ne4 13. Nxe4 dxe4 14. Ng5 h6 15. Nxe4 f5 16. Nd2 Qc7 17. b4 e5 18. dxe5 Nxe5 19. Nf3 Rad8 20. Rad1 Bc8 21. Bxe5 Bxe5 22. Nxe5 Qxe5 23. Bf3 Qf6 24. h3 g5 25. Rxd8 Rxd8 26. Rd1 Rxd1+ 27. Qxd1 Kf7 28. Qd4 Qxd4 29. exd4 Bb7 30. Kf1 Ke6 31. Ke2 Kf6 32. Ke3 Ke6 33. g3 Kf6 34. h4 Ke6 35. hxg5 hxg5 36. Bd1 Kf6 37. g4 Ke6 38. gxf5+ Kxf5 39. Bc2+ Ke6 40. Ke4 Kf6 41. Bd1 Ba8 42. Bg4 1-0

[Event "SVK-chT2A 0910"]
[Site "Slovakia"]
[Date "2009.10.10"]
[Round "1.6"]
[White "Mihalik, Anton"]
[Black "Peska, Juraj"]
[Result "0-1"]
[WhiteElo "1961"]
[BlackElo "1959"]
[PlyCount "141"]
[EventDate "2009.10.10"]
[EventType "team-tourn"]
[EventRounds "11"]
[EventCountry "SVK"]
[SourceTitle "EXT 2011"]
[Source "ChessBase"]
[SourceDate "2010.11.26"]
[SourceVersion "1"]
[SourceVersionDate "2010.11.26"]
[SourceQuality "1"]
[WhiteTeam "Piestany Kupele"]
[BlackTeam "Hlohovec SK Zentiva II"]
[WhiteTeamCountry "SVK"]
[BlackTeamCountry "SVK"]

1. e4 e5 2. Nf3 Nc6 3. Bb5 d6 4. c3 Nf6 5. d3 Be7 6. 0-0 0-0 7. h3 a6 8. Ba4 h6 9. Re1 Nh7 10. Nbd2 Ng5 11. Nxg5 Bxg5 12. Nf3 Bxc1 13. Rxc1 b5 14. Bc2 Kh8 15. d4 Bb7 16. Qd2 Qf6 17. Bb1 Bc8 18. Qd3 g5 19. Re3 g4 20. hxg4 Bxg4 21. Nh2 Rg8 22. Rg3 Bd7 23. d5 Ne7 24. c4 Rxg3 25. Qxg3 Rg8 26. Qe3 bxc4 27. Rxc4 c6 28. dxc6 Bxc6 29. g3 Qe6 30. Rc3 d5 31. Qe2 d4 32. Ra3 Bb5 33. Bd3 Bxd3 34. Qxd3 Ra8 35. Qf3 Rc8 36. Ng4 Kg7 37. Qe2 Rc6 38. f3 h5 39. Nf2 f5 40. Qd2 Qg6 41. Kh2 fxe4 42. fxe4 Rf6 43. Qe2 Re6 44. Ra5 Ng8 45. a4 Nh6 46. Nd3 Ng4+ 47. Kh3 Ne3 48. Nc5 Rc6 49. b4 Rb6 50. b5 axb5 51. axb5 Qg4+ 52. Qxg4+ hxg4+ 53. Kh2 Nc4 54. Ra4 Nd6 55. Rb4 Rxb5 56. Nd3 Rxb4 57. Nxb4 Nxe4 58. Nd3 Kf6 59. Kg2 Kf5 60. Ne1 Ke6 61. Nd3 Kd5 62. Kh2 Ng5 63. Nf2 e4 64. Nxg4 d3 65. Kg2 Kd4 66. Kf2 Nh3+ 67. Kf1 e3 68. Nh2 d2 69. Ke2 Nf2 70. Nf3+ Kc3 71. Kxe3 0-1

[Event "SVK-chT2A 0809"]
[Site "Slovakia"]
[Date "2008.10.11"]
[Round "1.5"]
[White "Tomanek, Rafael"]
[Black "Peska, Juraj"]
[Result "1-0"]
[WhiteElo "1979"]
[BlackElo "1960"]
[PlyCount "99"]
[EventDate "2008.10.11"]
[EventType "team-tourn"]
[EventRounds "11"]
[EventCountry "SVK"]
[SourceTitle "EXT 2010"]
[Source "ChessBase"]
[SourceDate "2010.11.25"]
[SourceVersion "1"]
[SourceVersionDate "2010.11.25"]
[SourceQuality "1"]
[WhiteTeam "Bratislava Doprastav IV"]
[BlackTeam "Hlohovec SK Zentiva II"]
[WhiteTeamCountry "SVK"]
[BlackTeamCountry "SVK"]

1. d4 Nf6 2. Nf3 e6 3. c4 d5 4. Nc3 Be7 5. Bg5 0-0 6. e3 b6 7. cxd5 Nxd5 8. Bxe7 Qxe7 9. Nxd5 exd5 10. Bd3 Bg4 11. Qc2 h6 12. Ne5 Be6 13. 0-0 c5 14. dxc5 Qxc5 15. Qxc5 bxc5 16. Rfc1 Rc8 17. b3 Nd7 18. Nxd7 Bxd7 19. Rc2 d4 20. Rac1 Rd8 21. exd4 cxd4 22. Rc7 Be6 23. Kf1 a5 24. Bc4 a4 25. Bxe6 fxe6 26. b4 a3 27. Ke2 Rab8 28. Rb1 Rdc8 29. Rxc8+ Rxc8 30. Kd3 e5 31. Rb3 Rb8 32. b5 Kf7 33. Kc4 Ke6 34. Rxa3 Rc8+ 35. Kd3 Kd5 36. Rb3 e4+ 37. Kd2 Ra8 38. Rb2 Kc5 39. b6 Rb8 40. b7 Kc6 41. f3 e3+ 42. Kd3 Kc5 43. g3 h5 44. f4 g6 45. h3 Kd5 46. Rb5+ Kc6 47. a4 Kd6 48. g4 hxg4 49. hxg4 Ke6 50. a5 1-0

[Event "SVK-chT1E 0708"]
[Site "Slovakia"]
[Date "2007.11.10"]
[Round "3.2"]
[White "Detko, Jan"]
[Black "Peska, Juraj"]
[Result "1-0"]
[WhiteElo "2124"]
[BlackElo "1966"]
[PlyCount "109"]
[EventDate "2007.10.13"]
[EventType "team-swiss"]
[EventRounds "11"]
[EventCountry "SVK"]
[SourceTitle "EXT 2019"]
[Source "ChessBase"]
[SourceDate "2018.10.10"]
[SourceVersion "1"]
[SourceVersionDate "2018.10.10"]
[SourceQuality "1"]
[WhiteTeam "Prievidza SK"]
[BlackTeam "Hlohovec SK Zentiva II"]
[WhiteTeamCountry "SVK"]
[BlackTeamCountry "SVK"]

1. e4 e5 2. Nc3 Nf6 3. f4 d6 4. Nf3 Nc6 5. Bb5 Bg4 6. Bxc6+ bxc6 7. d3 exf4 8. Bxf4 Be7 9. h3 Bxf3 10. Qxf3 Rb8 11. b3 Nd7 12. 0-0 0-0 13. Rae1 Bf6 14. Ne2 Ne5 15. Qf2 c5 16. Bxe5 Bxe5 17. Kh1 Qg5 18. Nf4 c6 19. Ne2 Qd2 20. Nf4 Qxf2 21. Rxf2 f5 22. Rf3 fxe4 23. Rxe4 Rb4 24. Ne2 Rxf3 25. gxf3 Kf7 26. Kg2 Kg6 27. f4 Rxe4 28. dxe4 Bb2 29. Kf3 Kf6 30. Ng3 g5 31. e5+ dxe5 32. Ne4+ Kf5 33. fxg5 Bc1 34. h4 h6 35. gxh6 Bxh6 36. Nxc5 Bf8 37. Ne4 Be7 38. Ng3+ Ke6 39. h5 Kd5 40. Ke3 Bg5+ 41. Kd3 Bf4 42. Ne4 Ke6 43. a4 Kf5 44. Nd6+ Kg4 45. Ke4 Kxh5 46. Nf7 Bg3 47. Nxe5 c5 48. Kd5 Kg5 49. c4 Kf6 50. Nc6 Bf2 51. Nxa7 Ke7 52. Kc6 Be1 53. Kb6 Kd7 54. a5 Bg3 55. Kb7 1-0

[Event "SVK-chT1W 0506"]
[Site "Slovakia"]
[Date "2005.??.??"]
[Round "?"]
[White "Manak, Jozef"]
[Black "Peska, Juraj"]
[Result "1-0"]
[WhiteElo "2090"]
[BlackElo "2020"]
[PlyCount "65"]
[EventDate "2005.10.15"]
[EventType "team-tourn"]
[EventRounds "11"]
[EventCountry "SVK"]
[SourceTitle "EXT 2008"]
[Source "ChessBase"]
[SourceDate "2007.11.25"]
[SourceVersion "1"]
[SourceVersionDate "2007.11.25"]
[SourceQuality "1"]

1. e4 c5 2. Nf3 Nc6 3. Bb5 d6 4. 0-0 Nf6 5. e5 Nd7 6. exd6 exd6 7. Bxc6 bxc6 8. Re1+ Be7 9. Qe2 Nf8 10. d4 Ne6 11. dxc5 Nxc5 12. Nd4 Bd7 13. Bg5 Ne6 14. Bxe7 Qxe7 15. Nf5 Qf8 16. Qd2 d5 17. c4 dxc4 18. Na3 Qc5 19. Nd6+ Ke7 20. Rad1 Rhb8 21. Nxf7 Kxf7 22. Qxd7+ Qe7 23. Qxc6 Rd8 24. Nxc4 Rxd1 25. Rxd1 Rd8 26. Re1 h6 27. h3 Kf6 28. Qf3+ Kg6 29. Ne5+ Kh7 30. Nc6 Qd6 31. Nxd8 Nxd8 32. Rd1 Qc7 33. Qd3+ 1-0

[Event "SVK-chT1W 0304"]
[Site "Slovakia"]
[Date "2004.??.??"]
[Round "5"]
[White "Stetina, Erik"]
[Black "Peska, Juraj"]
[Result "0-1"]
[WhiteElo "1745"]
[BlackElo "1725"]
[PlyCount "132"]
[EventDate "2003.10.??"]
[EventType "team"]
[EventRounds "9"]
[EventCountry "SVK"]
[SourceTitle "EXT 2007"]
[Source "ChessBase"]
[SourceDate "2006.11.23"]
[SourceVersion "1"]
[SourceVersionDate "2006.11.23"]
[SourceQuality "1"]

1. e4 c5 2. Nf3 Nc6 3. d4 cxd4 4. Nxd4 Nf6 5. Nc3 d6 6. Be2 g6 7. 0-0 Bg7 8. Be3 0-0 9. Qd2 Nxd4 10. Bxd4 h6 11. Bc4 Kh7 12. f3 Bd7 13. Rfd1 Bc6 14. Bb3 Qd7 15. Qe3 b6 16. e5 dxe5 17. Bxe5 Qb7 18. Rd2 e6 19. Rad1 Rfe8 20. Qf4 Ng8 21. Bxg7 Kxg7 22. Ne4 e5 23. Qg3 Bxe4 24. Rd7 Qc6 25. R1d6 Qc5+ 26. Kh1 Re7 27. fxe4 Rxd7 28. Rxd7 Ne7 29. h4 Rf8 30. Rxa7 Nc6 31. Rc7 Qd6 32. Rb7 Nd4 33. Qd3 Qc5 34. Qc4 Nxb3 35. Qxb3 Qf2 36. Rxb6 Qxh4+ 37. Qh3 Qxe4 38. c3 Qb1+ 39. Kh2 Qxa2 40. Qe3 Qd5 41. Rb4 Ra8 42. c4 Qd4 43. Qxd4 exd4 44. c5 Rd8 45. c6 d3 46. c7 Rc8 47. Rd4 Rxc7 48. Rxd3 Rb7 49. b3 h5 50. Rc3 g5 51. Rc5 Kg6 52. Rc3 Rb6 53. Kg3 h4+ 54. Kh3 f5 55. Rd3 Kh5 56. Kh2 g4 57. Rd5 Kg5 58. Rd3 Rb5 59. Kg1 g3 60. Kf1 f4 61. Ke2 Kg4 62. Kf1 h3 63. Kg1 h2+ 64. Kh1 Re5 65. Rd1 f3 66. gxf3+ Kh3 0-1